00422nam a2200157Ia 450000500170000000800410001702000180005805000240007610000210010024500540012126000350017530000330021044000060024352100070024952600080025620140311163056.0140130s9999 xx 000 0 und d a9780545104838 aPZ 7b.K315Bep 2007 aKenah, katharine cKenah, katharineaBest chef in the second grade / bScholastic,c2007.aNew York : a46 p. :bcol. ill. ;c23 cm. v1 aG2 c380